Perspektívy podniku a marketingu

Na minha lista:
Detalhes bibliográficos
Autor principal: Kita, Jaroslav
Formato: Capítulo de Livro
Idioma:eslovaco
Tags: Adicionar Tag
Sem tags, seja o primeiro a adicionar uma tag!

MARC

LEADER 00000naa$a2200000$$$4500
001 0157166
005 20220606121005.8
041 0 |a slo 
044 |a SK 
245 1 0 |a Perspektívy podniku a marketingu  |c Jaroslav Kita 
100 1 |a Kita, Jaroslav